| 000 | 01559nam a22001817a 4500 | ||
|---|---|---|---|
| 008 | 140821b xxu||||| |||| 00| 0 eng d | ||
| 020 | _a9781405738163 | ||
| 050 | _aKD310.H34(5e vol.18) | ||
| 245 |
_aHalbury's laws of England : Competition Compulsory Acquisition of Land, vol. 18. / _cedited by Lord Mackay. _bCompetition compulsory acquisition of land. / |
||
| 250 | _a5th ed. | ||
| 260 |
_aLondon: _bLexis Nexis, _c2009. |
||
| 300 |
_a809p.: _c26cm. |
||
| 440 |
_vvol. 18 _pCompetition compulsory acquisition of land. |
||
| 500 | _aIncludes index. | ||
| 505 | _aContents: How to use Halsbury's laws of England -- References and abbreviations -- Table of statutes -- Table of statutory instruments -- Table of civil procedure -- Table of European community legislation -- Table of cases -- Competition: Introduction -- Community aspects of competition law -- The competition act 1998 -- The enterprise act 2002 -- Fair trading -- Monopolies, competition and the common law -- Trade and freedom to trade -- Compulsory acquisition of land: Powers to acquire land -- Rights of owners etc to require purchase of interests -- Steps in the acquisition of land -- Claims for purchase money or compensation -- Assessment of purchase money or compensation -- Compensation for severance etc as part of purchase money -- compensation for disturbance from land acquired -- Payments for disturbance apart from compensation -- Betterment reducing compensation -- Use of land acquired and compensation for injury-- Index. | ||
| 700 | _aMackay, Lord. | ||
| 942 |
_2lcc _cBK |
||
| 999 |
_c3619 _d11119 |
||